Tests of a leader's character (Registro nro. 68864)
[ vista simple ]
| 000 -LÍDER | |
|---|---|
| Campo fijo de descripción fija | 01269nab a2200217 i 4500 |
| 001 - NÚMERO DE CONTROL | |
| Campo de control | 768714001 |
| 003 - IDENTIFICADOR DEL NÚMERO DE CONTROL | |
| Campo de control | CO-MdFUSB |
| 005 - FECHA Y HORA DE LA ULTIMA TRANSACCIÓN | |
| control field | 20260316102147.0 |
| 008 - ELEMENTOS DE LONGITUD FIJA -- INFORMACIÓN GENERAL | |
| Campo fijo de descripción fija -- Información general | 230508s1993 us ||||| |||| 00| 0 eng d |
| 040 ## - FUENTE DE CATALOGACIÓN | |
| Idioma de catalogación | spa |
| Agencia Catalogadora | CO-MdFUSB |
| Agencia que realiza la transcripción | CO-MdFUSB |
| Agencia que realiza la modificación | CO-MdFUSB |
| 041 ## - CÓDIGO DE IDIOMA | |
| Código de idioma para texto/pista de sonido o título separado | eng |
| 100 ## - ASIENTO PRINCIPAL--NOMBRE PERSONAL | |
| Nombre personal | Bonaventura, |
| Fechas asociadas con el nombre | 1221-1274 |
| Término relacionador | autor |
| 245 1# - TÍTULO | |
| Título | Tests of a leader's character |
| Subtitulo | : spiritual direction for today from a thirteenth-century saint |
| Mención de responsabilidad | / Bonaventure |
| 300 ## - DESCRIPCIÓN FÍSICA | |
| Extensión | Volumen 14, número 4 (Fall 1993), páginas 38 - 42 |
| Dimensiones | ; 27 cm |
| 520 ## - NOTA DE RESUMEN, ETC. | |
| Nota de sumario, etc. | Los líderes cristianos a lo largo de la historia han encontrado su carácter probado. ¿Cómo puedo responder a una comunidad dividida o a aquellos que se oponen? ¿Qué tan estricto se debe ser con aquellos en cuidado? ¿Cuándo se debe corregir y cuando se debería abstenerse?<br/>Bonaventure (1256) en plena época monástica identifica seis virtudes esenciales para un líder cristiano que tituló: “Las seis alas del serafín”, el tratado del que se ha extraído este artículo. <br/> |
| 546 ## - NOTA DE IDIOMA | |
| Nota de idioma | Texto en Inglés |
| 650 #0 - ASIENTO SECUNDARIO DE MATERIA - TERMINO TEMÁTICO | |
| 9 (RLIN) | 51 |
| Término temático o nombre geográfico como elemento de entrada | Vida espiritual |
| 773 0# - ASIENTO DE ITEM FUENTE | |
| Biblionumber | 68780 |
| Itemnumber | 81953 |
| Otro identificador del ítem | R2466 |
| Título | Leadership : |
| Número de control del registro | (CO-MdFUSB)768714001 |
| Parte(s) relacionada(s) / Volumen., número. (mes año), páginas | Volumen 14, número 4 (Fall 1993), páginas 38 - 42 |
| Enumeración y primera página | página 38 |
| 942 ## - TIPO DE MATERIAL (KOHA) | |
| Tipo de Item KOHA | Artículos de Revista |
| 945 ## - INFORMACIÓN LOCAL DEL REGISTRO | |
| Catalogador | JTF-925 |
No hay ítems disponibles.
